دراسات فى تاريخ وحضارة البطالمة/ Dirasāt fī Tārīkh wa-ḥaḍārāt al-Baṭālimah
محفوظ في:
المؤلف الرئيسي:
التنسيق: كتاب
اللغة: Undetermined
منشور في:
Al-Qāhirah
Gadiko
1991
الوسوم: إضافة وسم
لا توجد وسوم, كن أول من يضع وسما على هذه التسجيلة!
رقم الطلب: H20 HUSS
| LEADER | 00439nam a2200133Ia 4500 | ||
|---|---|---|---|
| 008 | 240404s9999||||xx |||||||||||||| ||und|| | ||
| 020 | |a 9770013226 | ||
| 050 | 4 | |a H20 HUSS | |
| 100 | 1 | |a Asim Aḥmad Husain. | |
| 245 | 1 | 0 | |a دراسات فى تاريخ وحضارة البطالمة/ Dirasāt fī Tārīkh wa-ḥaḍārāt al-Baṭālimah |c Asim Aḥmad Husain |
| 264 | 1 | |a Al-Qāhirah |b Gadiko |c 1991 | |
| 300 | |a 382 |c 24 | ||
| 942 | |2 lcc |c BK | ||
| 999 | |c 58120 |d 58120 | ||
